00632cam a22001691 450008200160000010000220001624500440003826000430008230000260012549000390015150000660019065000410025665000260029794200070032399900150033095201170034500a546.225 DRA1 aDrago, Russell S.10aPhysical methods in inorganic chemistry aNew York,bReinhold Pub. Corp.c[1965] axviii, 430 p.billus.0 aReinhold chemistry textbook series aPublished in 1977 under title: Physical methods in chemistry. 0aChemistry, Physical and theoretical. 0aChemistry, Inorganic. cBK c1290d1290 0010708NFICaICbICcGENd2015-06-22l1o546.225 DRAp000342r2019-04-09 00:00:00s2019-03-26w2015-06-22yREF